000 00608nam a2200205 i 4500
001 150361
003 ES-MaACL
005 20230906203500.0
007 t|
008 071030s1969 sp ||||1| spa d
100 1 _aVallet de Goytisolo, Juan B.
_9112906
245 1 0 _aSociedad de masas y derecho /
_cJuan B. Vallet de Goytisolo.
260 _a[Madrid] :
_bTaurus,
_c[1969]
300 _a658 p. ;
_c21 cm.
490 1 _aEnsayistas de hoy ;
_v60
830 0 _aEnsayistas de hoy ;
_v60
_9180849
852 _aES-MaACL
_jC-37014
_bR.69720
852 _aES-MaACL
_jL-3138
_bR.103950
999 _c150361
_d150361